Learning to teach practical skills

Bibliographic Details
Main Author: Winfield, Ian (Author)
Format: Book
Published: London : New York : Kogan Page ; Nichols , 1988
Edition:2nd ed.
Subjects:

MARC

LEADER 00000cam a2200000 7i4500
001 0000002797
005 20021118093000.0
008 021118n
020 |a 1850914478 
090 0 0 |a HQ2037   |b .W56 1988 
100 0 |a Winfield, Ian ,   |e author 
245 0 0 |a Learning to teach practical skills   |c Ian Winfield 
250 |a 2nd ed. 
260 2 |a London :   |b Kogan Page ;   |a New York :   |b Nichols ,   |c 1988 
300 |a 130 p. ; ;   |c 22 cm. 
504 |a Includes bibliographies 
650 0 |a Life skills   |x Study and teaching 
999 |a 1000027342   |b Book   |c OPEN SHELF (30 DAYS)   |e Gong Badak Campus